| 000 | 00822nam a22002057a 4500 | ||
|---|---|---|---|
| 999 |
_c9745 _d9745 |
||
| 003 | AR-CdUCM | ||
| 008 | 190328b ||||| |||| 00| 0 spa d | ||
| 040 |
_aMUNICIPALIDAD PROVINCIAL DEL CUSCO _cBIBLIOTECA MUNICIPAL DEL CUSCO |
||
| 082 |
_a408.92 / _bSC31 / 1939 |
||
| 100 |
_aScolnik, Jaime. _921269 |
||
| 245 |
_aManual de esperanto, que contiene Gramática de esperanto : _by libro de lecturas graduadas / |
||
| 260 |
_aRio de Janeiro :. _bDa federacao, _c1939. |
||
| 300 |
_a153 paginas ; _c19 cm. |
||
| 505 | _aContenido : Gramática de esperanto -- Alfabeto -- Partes de la oración -- Respuestas a questiones lingüísticas -- Palabras con pseudo sufijos... | ||
| 650 |
_aGramática. _99175 |
||
| 650 |
_aLibros de Lectura. _93644 |
||
| 650 |
_aLengua artificial _926168 |
||
| 942 |
_2ddc _cLIBROS |
||
| 945 | _awnts | ||